000
00322nam a2200133Ia 4500
008
191201s2008 xx 000 0 und d
100
_a
SHARMA, P C
245
2
_a
A Text Book of Production Technology
250
_a
3rd
260
_c
2008
_b
S Chand and Co. Ltd.
_a
N.Delhi
300
_a
821
650
_a
ME
942
_2
ddc
_c
BB
999
_c
7200
_d
7200